000 00947nam a22002772a 4500
001 25822
003 BD-RjUL
005 20211209050931.0
008 140319t1975 enkj b 000 0 eng d
020 _a0210405813
035 _a(BD-RjUL)25892
040 _aDLC
_cDLC
_dEQO
_dBD-RjUL
_beng
041 0 _aengper
082 0 4 _a915.4032
_bALM 1975
110 2 _aAligarh Muslim University.
_bDepartment of History.
_bCentre of Advanced Study.
_979341
245 1 0 _aMedieval India :
_ba miscellany /
_nVolume-3
260 _aLondon :
_bAsia Pub. House,
_c1975.
300 _a V-3 (272 p. ):
_bgeneal. tables ;
_c25 cm
500 _aIncludes selections in Persian
504 _aIncludes bibliographical references
580 _aSucceeds: Medieval India quarterly
580 _aSucceeded by: Medieval India : researches in the history of India, 1200-1750
651 0 _aIndia
_xHistory
_y1000-1765.
_942556
942 _2ddc
_cBK
999 _c25822
_d25822